Financovanie regionálnej politiky - doterajší vývoj a perspektívy
Regionálna politika slúži na vyrovnávanie regionálnych disparít, čo v konečnom dôsledku by malo urýchliť aj hospodársky rast celej EÚ. Štrukturálna politika EÚ, financovanie regionálnej politiky ako súčasti štrukturálnej politiky EÚ. Tri hlavné ciele kohéznej politiky v období 2007-2013 - konvergenc...
Gespeichert in:
| 1. Verfasser: | |
|---|---|
| Weitere Verfasser: | |
| Format: | Buchkapitel |
| Sprache: | Slowakisch |
| Schlagworte: | |
| Tags: |
Keine Tags, Fügen Sie das erste Tag hinzu!
|
MARC
| LEADER | 00000naa$a2200000$$$4500 | ||
|---|---|---|---|
| 001 | 0057240 | ||
| 005 | 20240502071638.4 | ||
| 041 | 0 | |a slo | |
| 044 | |a SK | ||
| 245 | 1 | 0 | |a Financovanie regionálnej politiky - doterajší vývoj a perspektívy |c Tatiana Bezáková, Milan Budjač |
| 520 | |a Regionálna politika slúži na vyrovnávanie regionálnych disparít, čo v konečnom dôsledku by malo urýchliť aj hospodársky rast celej EÚ. Štrukturálna politika EÚ, financovanie regionálnej politiky ako súčasti štrukturálnej politiky EÚ. Tri hlavné ciele kohéznej politiky v období 2007-2013 - konvergencia, regionálna konkurencieschopnosť a zamestnanosť, európska územná spolupráca. Finančné nástroje a ciele hospodárskej a sociálnej súdržnosti EÚ v období rokov 2000-2006 a 2007-2013. Historický vývoj financovania regionálnej politiky EÚ. "Nové" európske fondy (fond Nórska, Islandu a Lichtenštajnska). Pozícia SR v rámci implementácie regionálnej politiky EÚ. | ||
| 610 | 2 | 0 | |a politika regionálna |
| 610 | 2 | 0 | |a euroregióny |
| 610 | 2 | 0 | |a disparita |
| 610 | 2 | 0 | |a financovanie |
| 610 | 2 | 0 | |a história |
| 610 | 2 | 0 | |a fondy štruktúrne |
| 610 | 2 | 0 | |a fond kohézny |
| 610 | 2 | 0 | |a rozpočet spoločný |
| 610 | 2 | 0 | |a Slovensko |
| 100 | 1 | |a Bezáková, Tatiana | |
| 700 | 1 | |a Budjač, Milan | |